00830nam a2200241 i 4500003000900000005001700009007000300026008004100029040003000070082001400100100004600114245005600160264006500216300002700281336002700308337003400335338002800369590002700397910001400424942001400438952011900452999001700571DO-SdBNP20240226144733.0ta110413s1986 dr 000 0 spa d aDO-SdBNPbspacBNPHUerda bB641r2221 aJorge Blanco, Salvador,d1926-201093055110aRelaciones internacionales /cSalvador Jorge Blanco 1aSanto Domingo :bLaboratorio fotomecánica Cipriano,c1986. a184 páginas c22 cm. 2rdacontentatextobtxt 2rdamediaasin mediación bn 2rdacarrieravolumenbnc aInventariado, 2023/ YL aYLockward 2ddccLBS1 00102ddc51708PDaBNPHUbBNPHUcCTd2019-11-15eEnaney Groupl0oB641rp2023-5775r2023-09-12w2023-09-12yLBS1 c54704d54704